Adobe Photoshop CS4 : βήμα προς βήμα

Αποθηκεύτηκε σε:
Λεπτομέρειες βιβλιογραφικής εγγραφής
Μορφή: Βιβλίο
Γλώσσα:Greek
English
Δημοσίευση: Αθήνα : Γκιούρδας, 2009.
Θέματα:
Ετικέτες: Προσθήκη ετικέτας
Δεν υπάρχουν, Καταχωρήστε ετικέτα πρώτοι!

MARC

LEADER 00000cam a2200000 i 4500
001 1/8301
008 100610s2009 gr | ||| |||| ||gre||
020 |a 9605125633 
035 |l 10108201 
040 |a GR-MyUa  |b gre  |e AACR2 
041 1 |a gre  |h eng 
082 7 |a 006.686   |2 (22) 
245 1 0 |a Adobe Photoshop CS4 :   |b βήμα προς βήμα /   |c απόδοση: Γιάννης Β. Σαμαράς.  
260 |a Αθήνα :   |b Γκιούρδας,   |c 2009.  
300 |a xii, 443 σ. :   |b έγχρ. εικ. ;   |c 24 εκ. +   |e 1 οπτική δισκέτα λέιζερ Η/Υ (4 3/4 ίν.) 
500 |a Τίτλος πρωτοτύπου: Adobe Photoshop CS4.  
500 |a Περιλαμβάνει ευρετήριο. 
630 0 0 |a Adobe Photoshop. 
650 0 |a Image processing  |x Digital techniques. 
650 0 |a Computer graphics  |x Computer programs. 
852 |a INST  |b LESVOS  |e 20100610  |h 006.686 ADO  |p 005100047923  |q 005100047923  |t BK  |y 0 
852 |a INST  |b LESVOS  |e 20100610  |h 006.686 ADO  |p 005100047925  |q 005100047925  |t BK  |y 0 
852 |a INST  |b LESVOS  |e 20100610  |h 006.686 ADO  |p 005100047927  |q 005100047927  |t BK  |y 0 
852 |a INST  |b LESVOS  |e 20100610  |h 006.686 ADO  |p 005100047929  |q 005100047929  |t BK  |y 0 
852 |a INST  |b LESVOS  |e 20100610  |h 006.686 ADO  |p 005100047931  |q 005100047931  |t BK  |y 0 
852 |a INST  |b LESVOS  |e 20100610  |h 006.686 ADO   |p 005100047924  |q 005100047924  |t BK  |y 0 
852 |a INST  |b LESVOS  |e 20100610  |h 006.686 ADO   |p 005100047926  |q 005100047926  |t BK  |y 0 
852 |a INST  |b LESVOS  |e 20100610  |h 006.686 ADO   |p 005100047928  |q 005100047928  |t BK  |y 0 
852 |a INST  |b LESVOS  |e 20100610  |h 006.686 ADO   |p 005100047930  |q 005100047930  |t BK  |y 0 
852 |a INST  |b LESVOS  |e 20100610  |h 006.686 ADO   |p 005100047932  |q 005100047932  |t BK  |y 0 
901 |a BIBL1-2010-2 
970 |a ΚΑΡΑ  |b ΓΙΑΣΕΜΗ  |z 2010/06/10